Statystyki dla Państwa z największą stopą bezrobocia

Kliknij tutaj aby rozwiązać quiz!

Ogólne statystyki

  • Ten quiz został rozwiązany 61 razy
  • Średni wynik to 11 z 30

Statystyki odpowiedzi

%Państwo% Poprawnych
23,9Nigeria
81%
60,0Republika Południowej
Afryki
72%
27,25Lesotho
63%
30,0Mali
63%
95,0Zimbabwe
61%
30,0Mauretania
56%
60,0Mozambik
52%
51,2Namibia
52%
48,0Senegal
52%
18,1Botswana
50%
40,6Eswatini
50%
19,6Gabon
48%
19,5Grecja
46%
35,0Jemen
46%
59,0Dżibuti
41%
90,0Nauru
33%
46,0Nepal
30%
26,5Kosowo
28%
38,2Kiribati
26%
23,7Serbia
26%
35,93Bośnia i
Hercegowina
22%
21,6Macedonia Połnocna
22%
30,9Wyspy Marshalla
20%
18,42Czarnogóra
19%
18,4Jordania
17%
60,0Tadżykistan
15%
20,0Timor Wschodni
15%
70,0Turkmenistan
15%
18,0Saint Vincent
i Grenadyny
9%
24,5Grenada
7%

Rozkład punktacji

Percentyl według liczby udzielonych odpowiedzi

Procent ludzi z każdym wynikiem

Twoja historia wyników

Nie rozwiązałeś tego quizu